00241nam a22001097a 4500020001800000040000900018082001700027100002200044245001400066260003700080650001400117 a9788172240721 cnust a615.854bBAK aBkhru, . K. H. Dr aDiet Cure aIndia:bJiaco publishing,c2017. aDiet Cure